000 00489nam a2200181 a 4500
003 BD-DhJNU
005 20241204060127.0
008 241101s2015 ii a b 001 0 eng
020 _a9788175994300
040 _aBD-DhJNU
_bben
_cBD-DhJNU
_dBD-DhJNU
082 _a812.5 MID
_223
100 _aMiller, Arthur
245 _aDeath of a salesman /
_cArthur Miller
260 _aNew Delhi :
_bFP Classics
_c2022.
300 _a135 p. :
_bill. ;
_c21 cm.
650 _aSales personnel
942 _cBK
999 _c966
_d966